| 000 | 01059nam0a22002771 4500 | ||
|---|---|---|---|
| 001 | RU\INGAK2\INFOCOMM_327\NLR\5000029964 | ||
| 005 | 20250806205947.0 | ||
| 035 | _a(NLR Aleph) 011041877 | ||
| 090 |
_a87537 _c87537 |
||
| 100 | _a20130213d1941 u y0rusy50 ca | ||
| 101 | 0 | _apol | |
| 102 | _aUA | ||
| 105 | _ay z|||| | ||
| 200 | 1 |
_aO zadaniach organizacji partyjnych w dziedzinie przemysłu i transportu _eReferat na XVIII Wszechzwiązkowej konferencji WKP(b) 15 lutego 1941 r. _fG. M. Malenkow |
|
| 210 |
_aKijów _aLwów _cPaństwowe wyd-wo mniejszości narodowościowych USRR _d1941 |
||
| 215 |
_a44 стр. _cфронт. (портр.) _d20 см |
||
| 620 | _aКиїв | ||
| 686 |
_aФ61(2)272.1-43,011.1 _2rubbk |
||
| 686 |
_aФ61(2)272.1-12"1941-II" _2rubbk |
||
| 700 | 1 |
_aMalenkov _bG. M. _f1902-1988 _gGeorgij Maksimilianovič _3RU\NLR\AUTH\770278824 |
|
| 801 | 1 |
_aRU _bInfoComm _c20130213 |
|
| 801 | 0 |
_aRU _bNLR _gPSBO |
|
| 852 |
_aNLR _jИп31 Г-4/9 |
||
| 942 | _cBOOK | ||
| 945 | _aРоссийская национальная библиотека | ||
| 980 | _aBV | ||